[Event "Helsingor Xtracon op"]
[Site "Helsingor"]
[Date "2018.07.29"]
[Round "10"]
[White "Quinn, David"]
[Black "Hafstad, Leif"]
[Result "1-0"]
[WhiteElo "1987"]
[BlackElo "1817"]
[PlyCount "57"]
[EventDate "2018.07.21"]
[EventType "swiss"]
[EventRounds "10"]
[EventCountry "DEN"]
[SourceTitle "CBM 185 Extra"]
[Source "ChessBase"]
[SourceDate "2018.07.29"]
[SourceVersion "1"]
[SourceVersionDate "2018.07.29"]
[SourceQuality "1"]

1. d4 Nf6 2. c4 e6 3. Nf3 Bb4+ 4. Bd2 a5 5. g3 b6 6. Bg2 Bb7 7. 0-0 Bxd2 8. Qxd2 0-0 9. Qd3 Nc6 10. Nc3 Nb4 11. Qb1 d5 12. a3 Nc6 13. Rd1 Ne7 14. Ne5 c6 15. Qc2 Ng6 16. cxd5 cxd5 17. Rac1 Rc8 18. Qb3 Nxe5 19. dxe5 Nd7 20. e4 dxe4 21. Qb5 Bc6 22. Qe2 Qg5 23. Bxe4 Bxe4 24. f4 Qe7 25. Nxe4 Nc5 26. Nd6 Rc7 27. Qb5 Rb8 28. Rc3 Qd7 29. Rxc5 1-0

[Event "Helsingor Xtracon op"]
[Site "Helsingor"]
[Date "2018.07.27"]
[Round "8"]
[White "Quinn, David"]
[Black "Nesse, David"]
[Result "1/2-1/2"]
[WhiteElo "1987"]
[BlackElo "1825"]
[PlyCount "87"]
[EventDate "2018.07.21"]
[EventType "swiss"]
[EventRounds "10"]
[EventCountry "DEN"]
[SourceTitle "CBM 185 Extra"]
[Source "ChessBase"]
[SourceDate "2018.07.29"]
[SourceVersion "1"]
[SourceVersionDate "2018.07.29"]
[SourceQuality "1"]

1. d4 Nf6 2. c4 c5 3. d5 b5 4. Nd2 bxc4 5. e4 e6 6. Bxc4 exd5 7. exd5 d6 8. Ne2 Be7 9. 0-0 0-0 10. b3 Nbd7 11. Nf3 Nb6 12. Bb2 Rb8 13. Bc3 Nxc4 14. bxc4 Ne4 15. Rb1 Nxc3 16. Nxc3 Bf5 17. Rb3 a6 18. Re1 Re8 19. Ne4 Bg6 20. h4 Rxb3 21. axb3 Bxh4 22. Nxd6 Rxe1+ 23. Qxe1 Be7 24. Nb7 Qc7 25. Na5 Bf8 26. Nc6 Qb7 27. Nfe5 Qxb3 28. Nd7 Qb1 29. Qxb1 Bxb1 30. Na5 Bf5 31. Nb8 Bd6 32. Nbc6 Bd3 33. Nb7 Bf4 34. d6 Bg5 35. d7 Kf8 36. f4 Bf6 37. d8Q+ Bxd8 38. Ncxd8 Bxc4 39. Nxc5 Bd5 40. Ndb7 Ke7 41. Na5 Kd6 42. Nxa6 f6 43. Kf2 Bxg2 44. Kxg2 1/2-1/2

[Event "Helsingor Xtracon op"]
[Site "Helsingor"]
[Date "2017.07.24"]
[Round "4"]
[White "Quinn, David"]
[Black "Andersen, Morten"]
[Result "0-1"]
[WhiteElo "2001"]
[BlackElo "2193"]
[PlyCount "118"]
[EventDate "2017.07.22"]
[EventType "swiss"]
[EventRounds "10"]
[EventCountry "DEN"]
[SourceTitle "CBM 179 Extra"]
[Source "ChessBase"]
[SourceDate "2017.08.23"]
[SourceVersion "1"]
[SourceVersionDate "2017.08.23"]
[SourceQuality "1"]

1. d4 Nf6 2. c4 c5 3. d5 b5 4. Nd2 bxc4 5. e4 c3 6. bxc3 g6 7. Ngf3 Bg7 8. Qc2 0-0 9. Bb2 d6 10. c4 e5 11. dxe6 Bxe6 12. Be2 Nc6 13. 0-0 Rb8 14. Bc3 Nb4 15. Qc1 Re8 16. a3 Nc6 17. Re1 Bg4 18. Qc2 Qc8 19. Bf1 Qc7 20. h3 Bd7 21. Rad1 Nh5 22. Bxg7 Nxg7 23. Qc3 Ne5 24. Nxe5 dxe5 25. Nf3 f6 26. Nh2 Rf8 27. Be2 Bc6 28. Bf3 Ne6 29. Ng4 Nd4 30. Rb1 Rxb1 31. Rxb1 Bxe4 32. Rb2 Bxf3 33. gxf3 f5 34. Nh2 e4 35. Qe3 Rb8 36. Rxb8+ Qxb8 37. fxe4 Qb1+ 38. Kg2 Qxe4+ 39. Qxe4 fxe4 40. Nf1 Kf7 41. Nd2 Nc2 42. a4 e3 43. fxe3 Nxe3+ 44. Kf3 Nf5 45. Kf4 Ke6 46. Ne4 Nd6 47. Nxc5+ Ke7 48. h4 h6 49. Ke5 Nxc4+ 50. Kd5 Nd6 51. Ne6 Nf5 52. h5 gxh5 53. Ke5 Ng3 54. Nf4 Kd7 55. Kd5 h4 56. a5 Kc7 57. Kc5 Ne4+ 58. Kd4 Ng5 59. Ke3 Kc6 0-1

[Event "Helsingor Xtracon op"]
[Site "Helsingor"]
[Date "2017.07.23"]
[Round "2"]
[White "Quinn, David"]
[Black "Ranaldi, Lucas"]
[Result "0-1"]
[WhiteElo "2001"]
[BlackElo "2269"]
[PlyCount "174"]
[EventDate "2017.07.22"]
[EventType "swiss"]
[EventRounds "10"]
[EventCountry "DEN"]
[SourceTitle "CBM 179 Extra"]
[Source "ChessBase"]
[SourceDate "2017.08.23"]
[SourceVersion "1"]
[SourceVersionDate "2017.08.23"]
[SourceQuality "1"]

1. d4 Nf6 2. c4 g6 3. Nc3 Bg7 4. e4 d6 5. f3 0-0 6. Bg5 c5 7. d5 h6 8. Be3 e6 9. Qd2 exd5 10. cxd5 h5 11. Nge2 a6 12. a4 Nbd7 13. Nc1 Qc7 14. Be2 Rb8 15. 0-0 Re8 16. Kh1 b6 17. N1a2 c4 18. Rab1 Nc5 19. b4 cxb3 20. Nb4 Nfd7 21. Nc6 Ra8 22. Rfc1 Bb7 23. Nd4 Rac8 24. Nxb3 Nxb3 25. Rxb3 Nc5 26. Rbb1 Rb8 27. Bd4 Bc8 28. Bxg7 Kxg7 29. Na2 a5 30. Nc3 Qe7 31. Bb5 Rf8 32. Ne2 Qf6 33. Nd4 h4 34. Nc6 Rb7 35. Qd4 Bd7 36. Kg1 Bxc6 37. Qxf6+ Kxf6 38. Bxc6 Rbb8 39. Rc2 Nd3 40. Bb5 Nc5 41. Rcb2 Ke5 42. Bc6 f5 43. exf5 Rxf5 44. Re2+ Kf6 45. Rbe1 h3 46. Re7 hxg2 47. Re8 Rxe8 48. Rxe8 Re5 49. Rf8+ Kg7 50. Rb8 Re2 51. Rxb6 Nd3 52. Bb5 Rb2 53. Rb7+ Kf6 54. Ba6 Rxb7 55. Bxb7 Ne1 56. Kf2 Ke5 57. Bc6 g5 58. Bb7 Kf4 59. Bc8 g1Q+ 60. Kxg1 Kxf3 61. Kf1 Nc2 62. Kg1 Ne3 63. Bb7 g4 64. Bc6 g3 65. hxg3 Kxg3 66. Bb7 Kf3 67. Bc6 Ke4 68. Kf2 Nxd5 69. Ke2 Kd4 70. Kd2 Kc4 71. Bb5+ Kb4 72. Kd3 Nc3 73. Bd7 Nxa4 74. Bc6 Nb6 75. Kc2 a4 76. Kb1 a3 77. Ka1 d5 78. Be8 d4 79. Bg6 Nc4 80. Ka2 Kc3 81. Kb1 d3 82. Bxd3 Kxd3 83. Ka1 Kc3 84. Ka2 Kb4 85. Ka1 Kb3 86. Kb1 Ne3 87. Ka1 Nc2+ 0-1

[Event "Helsingor Xtracon op"]
[Site "Helsingor"]
[Date "2017.07.23"]
[Round "3"]
[White "Svensson, Anders1"]
[Black "Quinn, David"]
[Result "0-1"]
[WhiteElo "1723"]
[BlackElo "2001"]
[PlyCount "52"]
[EventDate "2017.07.22"]
[EventType "swiss"]
[EventRounds "10"]
[EventCountry "DEN"]
[SourceTitle "CBM 179 Extra"]
[Source "ChessBase"]
[SourceDate "2017.08.23"]
[SourceVersion "1"]
[SourceVersionDate "2017.08.23"]
[SourceQuality "1"]

1. e4 e5 2. Nf3 Nc6 3. Bc4 Nf6 4. d4 exd4 5. 0-0 Bc5 6. e5 d5 7. exf6 dxc4 8. fxg7 Rg8 9. Bg5 Be7 10. Bxe7 Kxe7 11. Qe2+ Be6 12. Nbd2 Rxg7 13. Nxc4 Qd5 14. Nce5 Nxe5 15. Qxe5 Qxe5 16. Nxe5 Bh3 17. Rfe1 Rxg2+ 18. Kh1 Rg7 19. Nc6+ Kd7 20. Nxd4 Bg2+ 21. Kg1 Bd5+ 22. Kf1 Bc4+ 23. Ne2 Rag8 24. f3 Rg1+ 25. Kf2 R8g2+ 26. Ke3 Rxe2+ 0-1

[Event "Lund op"]
[Site "Lund"]
[Date "2017.02.14"]
[Round "2"]
[White "Quinn, David"]
[Black "Kucuksari, Kaan"]
[Result "0-1"]
[WhiteElo "1989"]
[BlackElo "2337"]
[PlyCount "84"]
[EventDate "2017.02.07"]
[EventType "swiss"]
[EventRounds "7"]
[EventCountry "SWE"]
[SourceTitle "EXT 2019"]
[Source "ChessBase"]
[SourceDate "2018.10.10"]
[SourceVersion "1"]
[SourceVersionDate "2018.10.10"]
[SourceQuality "1"]

1. d4 Nf6 2. c4 e6 3. Nf3 b6 4. Bf4 Bb7 5. e3 Be7 6. Nc3 0-0 7. Bd3 d5 8. cxd5 Nxd5 9. Nxd5 Qxd5 10. Bxc7 Qa5+ 11. Kf1 Na6 12. Bg3 Nb4 13. Be2 Ba6 14. a3 Bxe2+ 15. Qxe2 Rac8 16. Rd1 Na2 17. Ne5 Nc1 18. Qd2 Qxd2 19. Rxd2 Nb3 20. Rd1 Rc2 21. Nd3 Rfc8 22. h4 Nd2+ 23. Ke2 Nc4+ 24. Kf3 Nxb2 25. Nxb2 Rxb2 26. a4 Rb4 27. Rc1 Rcc4 28. Rxc4 Rxc4 29. Ra1 Bb4 30. h5 f6 31. Bb8 a6 32. g3 Kf7 33. Rg1 Ba5 34. Ra1 Ke7 35. Ke4 e5 36. Kd5 Rc8 37. Bd6+ Kf7 38. dxe5 fxe5 39. Bxe5 Rc5+ 40. Kd6 Rxe5 41. Rc1 Rc5 42. Rxc5 Bb4 0-1

[Event "Lund Lask op"]
[Site "Lund"]
[Date "2016.10.25"]
[Round "3"]
[White "Brzezinski, Adam"]
[Black "Quinn, David"]
[Result "0-1"]
[WhiteElo "2180"]
[BlackElo "1923"]
[PlyCount "88"]
[EventDate "2016.10.04"]
[EventType "swiss"]
[EventRounds "7"]
[EventCountry "SWE"]
[SourceTitle "EXT 2019"]
[Source "ChessBase"]
[SourceDate "2018.10.10"]
[SourceVersion "1"]
[SourceVersionDate "2018.10.10"]
[SourceQuality "1"]

1. d4 Nf6 2. c4 g6 3. Nc3 Bg7 4. e4 0-0 5. Nf3 d6 6. Be2 Nbd7 7. 0-0 e5 8. Be3 Ng4 9. Bg5 f6 10. Bd2 Nh6 11. Qc1 Nf7 12. b4 c6 13. d5 f5 14. Ng5 Nxg5 15. Bxg5 Bf6 16. Bh6 Bg7 17. Bxg7 Kxg7 18. Rd1 c5 19. Nb5 Rf6 20. exf5 a6 21. Nc3 gxf5 22. Qg5+ Kh8 23. a3 Qf8 24. Bf1 Rg6 25. Qc1 Qg7 26. f4 exf4 27. Re1 Ne5 28. Qxf4 Bd7 29. bxc5 Rg8 30. g3 Rg4 31. Qf2 f4 32. Ne4 fxg3 33. Nxg3 Rf8 34. Qe2 Nf3+ 35. Kh1 Rxg3 36. Bg2 Nxe1 37. Rxe1 Rg6 38. Be4 Rg5 39. cxd6 Qe5 40. Bg2 Re8 41. Qxe5+ Rgxe5 42. Rf1 Re1 43. c5 Rxf1+ 44. Bxf1 Rc8 0-1

[Event "SCO-ch 123rd"]
[Site "Glasgow"]
[Date "2016.07.15"]
[Round "7"]
[White "Moreby, James"]
[Black "Quinn, David"]
[Result "1-0"]
[WhiteElo "2040"]
[BlackElo "1975"]
[PlyCount "67"]
[EventDate "2016.07.09"]
[EventType "swiss"]
[EventRounds "9"]
[EventCountry "SCO"]
[SourceTitle "CBM 173 Extra"]
[Source "ChessBase"]
[SourceDate "2016.08.29"]
[SourceVersion "1"]
[SourceVersionDate "2016.08.29"]
[SourceQuality "1"]

1. e4 e5 2. Nf3 Nc6 3. d4 exd4 4. Nxd4 Bc5 5. Nb3 Bb6 6. Nc3 Qf6 7. Qe2 Nge7 8. Be3 0-0 9. 0-0-0 d6 10. Kb1 Be6 11. f4 Bg4 12. Qxg4 Bxe3 13. g3 Nd4 14. Bd3 Nxb3 15. axb3 Rad8 16. Qf3 Bd4 17. g4 Bxc3 18. g5 Qd4 19. bxc3 Qc5 20. h4 d5 21. h5 g6 22. hxg6 fxg6 23. exd5 Nf5 24. Qh3 Qe7 25. Rde1 Qg7 26. Re5 Nd6 27. Qh2 Rd7 28. c4 b6 29. Re6 Rdf7 30. Bxg6 Rxf4 31. Bxh7+ Kh8 32. Bd3+ Kg8 33. Rg6 Rf1+ 34. Ka2 1-0

[Event "Politiken Cup 37th"]
[Site "Helsingor"]
[Date "2015.08.01"]
[Round "9"]
[White "Quinn, David"]
[Black "Ranaldi, Lucas"]
[Result "1/2-1/2"]
[WhiteElo "1947"]
[BlackElo "2142"]
[PlyCount "138"]
[EventDate "2015.07.25"]
[EventType "swiss"]
[EventRounds "10"]
[EventCountry "DEN"]
[SourceTitle "CBM 167 Extra"]
[Source "ChessBase"]
[SourceDate "2015.09.14"]
[SourceVersion "1"]
[SourceVersionDate "2015.09.14"]
[SourceQuality "1"]

1. d4 Nf6 2. c4 e6 3. Nf3 Bb4+ 4. Bd2 c5 5. Bxb4 cxb4 6. g3 b6 7. Bg2 Bb7 8. 0-0 0-0 9. Nbd2 d6 10. Ne1 Bxg2 11. Kxg2 a5 12. Nd3 Qc7 13. e3 e5 14. a3 bxa3 15. Rxa3 Nc6 16. d5 Ne7 17. e4 Nd7 18. Qe2 Nc5 19. Nxc5 Qxc5 20. f4 exf4 21. gxf4 f5 22. e5 Rae8 23. Qf2 Qxf2+ 24. Rxf2 Nc8 25. Nf3 h6 26. h4 g6 27. Rb3 Kh7 28. e6 Re7 29. Nd4 Kg7 30. Re2 Kf6 31. Kf1 Rfe8 32. Nc6 Rc7 33. e7 Nxe7 34. Re6+ Kf7 35. Rxd6 Nxc6 36. Rxc6 Rxc6 37. dxc6 Rc8 38. Rxb6 Ke6 39. Ra6 Kd6 40. b3 Rc7 41. Rxa5 Rxc6 42. Rd5+ Kc7 43. Kf2 Ra6 44. Kf3 Ra3 45. Rb5 h5 46. Ke3 Ra1 47. c5 Re1+ 48. Kd4 Re4+ 49. Kd5 Rxf4 50. Rb6 Rxh4 51. Rxg6 Rb4 52. Rg7+ Kb8 53. Rf7 Rxb3 54. Rxf5 Rh3 55. Kc6 Rh1 56. Rf8+ Ka7 57. Rf7+ Kb8 58. Rb7+ Kc8 59. Rh7 Kb8 60. Rh8+ Ka7 61. Kc7 h4 62. c6 h3 63. Kc8 h2 64. c7 Rg1 65. Rxh2 Rg8+ 66. Kd7 Rg7+ 67. Kd6 Rg6+ 68. Kd5 Kb7 69. Rh7 Kc8 1/2-1/2

[Event "Politiken Cup 35th"]
[Site "Helsingor"]
[Date "2013.08.04"]
[Round "10"]
[White "Olsen, Filip Boe"]
[Black "Quinn, David"]
[Result "0-1"]
[WhiteElo "1753"]
[BlackElo "1983"]
[PlyCount "98"]
[EventDate "2013.07.27"]
[EventType "swiss"]
[EventRounds "10"]
[EventCountry "DEN"]
[SourceTitle "CBM 155 Extra"]
[Source "ChessBase"]
[SourceDate "2013.08.26"]
[SourceVersion "1"]
[SourceVersionDate "2013.08.26"]
[SourceQuality "1"]

1. d4 Nf6 2. Nf3 g6 3. Bf4 Bg7 4. e3 0-0 5. c4 d6 6. Nc3 Nbd7 7. Be2 c6 8. 0-0 Re8 9. h3 e5 10. dxe5 dxe5 11. Nxe5 Qe7 12. Nxd7 Nxd7 13. Qc2 Ne5 14. Rad1 Be6 15. b3 h5 16. Rd2 Qb4 17. Nb1 a5 18. a3 Qe7 19. Rfd1 Bf5 20. e4 Be6 21. Bg3 Qg5 22. Kh1 f5 23. Bh2 f4 24. f3 Qf6 25. Rd6 Bf8 26. R6d2 g5 27. Qc3 Bg7 28. Rd6 Qg6 29. Qe1 Bf8 30. R6d2 Qf6 31. Qf2 a4 32. b4 Bxc4 33. Bxc4+ Nxc4 34. Rd3 Nb2 35. Bg1 Nxd3 36. Rxd3 Red8 37. Rxd8 Rxd8 38. Qc2 b5 39. e5 Qxe5 40. Qxc6 Bg7 41. Qb6 Rd1 42. Qg6 Qe1 43. Qb6 Qe8 44. Qb7 Rxb1 45. Qd5+ Kh7 46. Qxg5 Qg6 47. Qxb5 Rb2 48. Qf1 Qc2 49. Kh2 Qe2 0-1

[Event "Politiken Cup 35th"]
[Site "Helsingor"]
[Date "2013.08.03"]
[Round "9"]
[White "Quinn, David"]
[Black "Fjellengen, Bard"]
[Result "1/2-1/2"]
[WhiteElo "1983"]
[BlackElo "1869"]
[PlyCount "64"]
[EventDate "2013.07.27"]
[EventType "swiss"]
[EventRounds "10"]
[EventCountry "DEN"]
[SourceTitle "CBM 155 Extra"]
[Source "ChessBase"]
[SourceDate "2013.08.26"]
[SourceVersion "1"]
[SourceVersionDate "2013.08.26"]
[SourceQuality "1"]

1. d4 d5 2. c4 c6 3. Nc3 Nf6 4. Nf3 g6 5. e3 Bg7 6. Bd3 0-0 7. 0-0 b6 8. b3 Bb7 9. Bb2 Nbd7 10. Rc1 e6 11. Qe2 c5 12. cxd5 exd5 13. Ba6 Qc8 14. Bxb7 Qxb7 15. Rfd1 Ne4 16. dxc5 Nxc3 17. Bxc3 Bxc3 18. Rxc3 Nxc5 19. Rdc1 Ne6 20. Qc2 Rad8 21. h4 d4 22. exd4 Nxd4 23. Nxd4 Rxd4 24. Rc7 Qa6 25. h5 Rh4 26. hxg6 hxg6 27. Rc8 Rxc8 28. Qxc8+ Qxc8 29. Rxc8+ Kg7 30. Rc7 a5 31. Rb7 Rb4 32. Kf1 a4 1/2-1/2

[Event "Politiken Cup 35th"]
[Site "Helsingor"]
[Date "2013.07.29"]
[Round "4"]
[White "Tryggestad, Andreas Garberg"]
[Black "Quinn, David"]
[Result "0-1"]
[WhiteElo "1774"]
[BlackElo "1983"]
[PlyCount "58"]
[EventDate "2013.07.27"]
[EventType "swiss"]
[EventRounds "10"]
[EventCountry "DEN"]
[SourceTitle "CBM 155 Extra"]
[Source "ChessBase"]
[SourceDate "2013.08.26"]
[SourceVersion "1"]
[SourceVersionDate "2013.08.26"]
[SourceQuality "1"]

1. e4 e5 2. Nf3 Nc6 3. Bb5 a6 4. Bxc6 dxc6 5. 0-0 Qd6 6. Na3 f6 7. c3 Be6 8. d4 0-0-0 9. Be3 Nh6 10. h3 Nf7 11. Qe2 Qd7 12. Rfd1 Bd6 13. c4 exd4 14. Nxd4 a5 15. Nf3 Qe7 16. Nb1 g5 17. Nc3 h5 18. Nd5 Bxd5 19. exd5 g4 20. Nh4 Qe5 21. g3 Rdg8 22. Qc2 f5 23. Qxf5+ Qxf5 24. Nxf5 Ne5 25. Rac1 gxh3 26. Kh2 h4 27. gxh4 Nf3+ 28. Kxh3 Nxh4 29. Bd4 Rh7 0-1

[Event "Politiken Cup 35th"]
[Site "Helsingor"]
[Date "2013.07.28"]
[Round "2"]
[White "Henriksen, Geir Ivar"]
[Black "Quinn, David"]
[Result "1-0"]
[WhiteElo "2215"]
[BlackElo "1983"]
[PlyCount "131"]
[EventDate "2013.07.27"]
[EventType "swiss"]
[EventRounds "10"]
[EventCountry "DEN"]
[SourceTitle "CBM 155 Extra"]
[Source "ChessBase"]
[SourceDate "2013.08.26"]
[SourceVersion "1"]
[SourceVersionDate "2013.08.26"]
[SourceQuality "1"]

1. c4 Nf6 2. g3 g6 3. Bg2 Bg7 4. Nc3 c5 5. Nf3 Nc6 6. d4 d6 7. dxc5 dxc5 8. Qxd8+ Nxd8 9. Be3 b6 10. 0-0-0 Bb7 11. h3 0-0 12. Rd2 Ne6 13. Rhd1 Rfd8 14. Nd5 Nxd5 15. cxd5 Nc7 16. Ne1 Nb5 17. Bg5 Rd7 18. e4 c4 19. Rc2 Rc8 20. h4 c3 21. b3 e6 22. dxe6 Rxd1+ 23. Kxd1 fxe6 24. f3 Na3 25. Bf1 Nxc2 26. Kxc2 Be5 27. Bc4 Kf7 28. Nd3 Bxg3 29. a4 a6 30. Nc1 Be5 31. Be3 Rd8 32. Nd3 Bg3 33. Bxb6 Rd6 34. Bc5 Rc6 35. b4 Bxh4 36. Ne5+ Ke8 37. Nxc6 Bxc6 38. b5 axb5 39. axb5 Bd7 40. Bd6 Bf2 41. Kxc3 h5 42. Kd2 g5 43. Bc7 g4 44. fxg4 hxg4 45. Ke2 g3 46. Kf3 Bc8 47. Bxg3 Bb6 48. Bd6 Kd7 49. e5 Ke8 50. Ke2 Kd7 51. Kd3 Bb7 52. Kc3 Bf3 53. Bd3 Ba5+ 54. Kd4 Bb6+ 55. Bc5 Bc7 56. Ba7 Bb7 57. Bc5 Bb8 58. Bb6 Bf3 59. Be4 Be2 60. Bc6+ Kc8 61. Bc5 Bf1 62. b6 Ba6 63. Bd6 Bb7 64. Bxb7+ Kxb7 65. Kc5 Kc8 66. Kc6 1-0

[Event "SCO-ch 115th"]
[Site "Glasgow"]
[Date "2008.06.08"]
[Round "4"]
[White "Quinn, David"]
[Black "McClement, Andrew"]
[Result "1-0"]
[WhiteElo "2007"]
[BlackElo "1764"]
[PlyCount "69"]
[EventDate "2008.06.05"]
[EventType "swiss"]
[EventRounds "9"]
[EventCountry "SCO"]
[SourceTitle "EXT 2009"]
[Source "ChessBase"]
[SourceDate "2008.11.26"]
[SourceVersion "1"]
[SourceVersionDate "2008.11.26"]
[SourceQuality "1"]

1. d4 Nf6 2. c4 e6 3. Nc3 Bb4 4. e3 d5 5. a3 Bxc3+ 6. bxc3 b6 7. Bd3 0-0 8. Ne2 Nbd7 9. 0-0 Bb7 10. cxd5 exd5 11. f3 c5 12. Ng3 Re8 13. Ra2 Qc7 14. Re2 Rad8 15. e4 dxe4 16. fxe4 cxd4 17. cxd4 Nc5 18. dxc5 Qxc5+ 19. Kh1 Nxe4 20. Nxe4 Bxe4 21. Rd2 Bxd3 22. Rxd3 Rc8 23. Bb2 f6 24. Rd7 Kh8 25. Qg4 Qf8 26. h4 Rc6 27. h5 h6 28. Rxa7 Re7 29. Qb4 Rf7 30. Qxf8+ Rxf8 31. Rc1 Rd6 32. Rcc7 Rg8 33. Bc3 Rd5 34. Bxf6 Rxh5+ 35. Kg1 1-0